=LDR 00000nam 2200000 4500 =001 INLIS000000000010912 =005 20130612102522 =008 ***********************************Ind** =035 ##$$0010-061300000010912 =041 ##$$a Ind =082 ##$$a 378.111 =090 ##$$a 378.111, cox d =100 ##$$a Cox, Kennete R =245 ##$$a Dosen Kedokteran, kenneth R. Cox. ralih Bahasa elias sukardi =260 ##$$a 1982 $b Jakarta =300 ##$$a XIII-314 hlm., 24 cm =650 ##$$a Perguruan Tinngi - perguruan Tinggi Tenaga pengajaran =700 ##$$a alih Bahasa, Sukardi, Elias =850 ##$$a NBPNMAT